| 000 | 00433nam a2200157Ia 4500 | ||
|---|---|---|---|
| 008 | 240729s9999 xx 000 0 und d | ||
| 022 | _a2766-1334 | ||
| 245 | 0 | _aCombinatorial Theory | |
| 260 | _aUnited States | ||
| 260 | _beScholarship Publishing, University of California | ||
| 650 | _a Mathematics | ||
| 650 | _aScience | ||
| 856 | _uhttps://doaj.org/toc/6da3c6721740437d9451dc389f267d9a | ||
| 942 | _2ddc | ||
| 942 | _cDOAJEJ | ||
| 999 |
_c68531 _d68531 |
||
| 945 |
_a1 _bMadushi Gamage _c1 _dMadushi Gamage |
||